Circuitos prácticos con relés / (Record no. 109043)

MARC details
000 -LEADER
campo de control de longitud fija 00625nam a2200181 4500
001 - NÚMERO DE CONTROL
campo de control 109043
003 - IDENTIFICADOR DE NÚMERO DE CONTROL
campo de control ES-MaACL
005 - FECHA Y HORA DE LA ÚLTIMA TRANSACCIÓN
campo de control 20230906184750.0
007 - CAMPO FIJO DE DESCRIPCIÓN FÍSICA--INFORMACIÓN GENERAL
campo de control de longitud fija t|
008 - DATOS DE LONGITUD FIJA--INFORMACIÓN GENERAL
campo de control de longitud fija 061121s1973 sp r ||||1| spa d
100 1# - ENTRADA PRINCIPAL--NOMBRE DE PERSONA
Nombre de persona Oliver, Frank J.
9 (RLIN) 86809
245 10 - MENCIÓN DEL TÍTULO
Título Circuitos prácticos con relés /
Mención de responsabilidad, etc. Frank J. Oliver ; traducido por J. José Díaz de Noriega ; revisado por Juan Furió Muñoz.
260 ## - PUBLICACIÓN, DISTRIBUCIÓN, ETC.
Lugar de publicación, distribución, etc. Barcelona :
Nombre del editor, distribuidor, etc. Marcombo,
Fecha de publicación, distribución, etc. [1973]
300 ## - DESCRIPCIÓN FÍSICA
Extensión XII, 383 p. :
Otras características físicas il ;
Dimensiones 21 cm.
700 1# - ENTRADA AGREGADA--NOMBRE PERSONAL
Nombre de persona Díaz de Noriega y Sellés, Juan José.
9 (RLIN) 44243
700 1# - ENTRADA AGREGADA--NOMBRE PERSONAL
Nombre de persona Furió Muñoz, Juan.
9 (RLIN) 53041
852 ## - LOCALIZACIÓN
Ubicación ES-MaACL
Número de control de estantería C-54014
Sublocalización o colección R.86681
Holdings
Estatus retirado Estado de pérdida Estado de daño No para préstamo Biblioteca de origen Biblioteca actual Ubicación en estantería Fecha de adquisición Fuente de adquisición Total de préstamos Signatura topográfica completa Código de barras Visto por última vez Precio de reemplazo Tipo de ítem Koha
        Biblioteca del Ateneo de Madrid Biblioteca del Ateneo de Madrid Depósito 2 17/01/2008     C-54014 1113778 23/02/2023 23/02/2023 Libro impreso